| 000 | 00428nmm a2200157Ia 4500 | ||
|---|---|---|---|
| 008 | 251105s9999||||xx |||||||||||||||||und|| | ||
| 020 | _a9788433915559 | ||
| 041 | _acat | ||
| 100 | _aRamis, Llucia | ||
| 245 | 0 | _aLes possessions | |
| 264 |
_a[Madrid, España] : _bEditorial Anagrama, _c2018 |
||
| 300 | _a233 páginas | ||
| 490 | _aLlibres Anagrama | ||
| 856 | _uhttps://public.digitaliapublishing.com/a/79871 | ||
| 942 | _cCF | ||
| 999 |
_c81702 _d81702 |
||